[Event "Stare Mesto OPEN"]
[Site "?"]
[Date "2004.08.16"]
[Round "5.7"]
[White "Schultz, Joern"]
[Black "Dochev, Dimitar"]
[Result "0-1"]
[WhiteElo "2266"]
[BlackElo "2353"]
[PlyCount "140"]
[EventDate "2004.??.??"]
[SourceDate "2004.08.16"]

1. d4 Nf6 2. c4 g6 3. Nc3 Bg7 4. Nf3 d6 5. g3 O-O 6. Bg2 Nc6 7. d5 Na5 8. Nd2
c5 9. Qc2 a6 10. a3 b5 11. cxb5 axb5 12. b4 Nc4 13. Nxc4 bxc4 14. bxc5 Bf5 15.
Qa2 Nd7 16. Bd2 Nxc5 17. e4 Bc8 18. O-O Nb3 19. Rab1 Qa5 20. e5 Nxd2 21. Qxd2
Bxe5 22. Rfc1 Bf5 23. Rb4 Rfc8 24. Bf1 Qxa3 25. Rxc4 Rxc4 26. Bxc4 Rc8 27. Nd1
Bf6 28. Ne3 Be4 29. h4 Rc5 30. Kh2 h5 31. Rd1 Qb2 32. Qxb2 Bxb2 33. Be2 Bc1 34.
Rd4 f5 35. Bd3 Bxe3 36. fxe3 Bxd3 37. Rxd3 Kg7 38. Kg2 Kf6 39. Kf3 Ke5 40. Rd4
Rxd5 41. Ra4 Kf6 42. Ra2 Rd1 43. Ke2 Rc1 44. Rd2 Ke5 45. Kf3 e6 46. Kf2 d5 47.
Kf3 Rc4 48. Re2 Kf6 49. Rd2 g5 50. hxg5+ Kxg5 51. Kf2 h4 52. gxh4+ Rxh4 53. Kg3
Ra4 54. Rb2 Ra3 55. Kf2 f4 56. exf4+ Kxf4 57. Rb4+ Kf5 58. Rh4 Ke5 59. Rh5+ Kd6
60. Rh6 d4 61. Ke2 Kd5 62. Rh8 e5 63. Rh5 Ra2+ 64. Kd3 Rg2 65. Rf5 Rg3+ 66. Kd2
Ke4 67. Rf2 Ra3 68. Re2+ Kd5 69. Rh2 Ra2+ 70. Kd3 e4# 0-1

[Event "Stare Mesto OPEN"]
[Site "?"]
[Date "2004.08.16"]
[Round "5.8"]
[White "Karlik, Vladimir"]
[Black "Blumel, Otto"]
[Result "1/2-1/2"]
[WhiteElo "2348"]
[BlackElo "2244"]
[PlyCount "96"]
[EventDate "2004.??.??"]
[SourceDate "2004.08.16"]

1. d4 d6 2. Nf3 Nd7 3. c4 e5 4. Nc3 c6 5. g3 Ngf6 6. Qc2 Be7 7. Bg2 Qc7 8. O-O
O-O 9. e4 Re8 10. h3 Nf8 11. Rb1 Be6 12. d5 cxd5 13. cxd5 Bd7 14. Be3 Rec8 15.
Rfc1 b6 16. Nd2 Ne8 17. Qd3 Qb7 18. Bf1 g6 19. g4 a6 20. f3 Bd8 21. a4 Kg7 22.
b3 h6 23. Na2 g5 24. Rxc8 Bxc8 25. Nb4 a5 26. Nc6 Bc7 27. b4 axb4 28. Rxb4 Bd7
29. Qb5 Qc8 30. Bxb6 h5 31. Bxc7 Qxc7 32. Nc4 Bxc6 33. Qxc6 Qd8 34. a5 Rc8 35.
Qb6 Qf6 36. Qe3 hxg4 37. hxg4 Ra8 38. Ra4 Nc7 39. Nb6 Rb8 40. Ra3 Qh6 41. Ra2
Ng6 42. Rh2 Nh4 43. Rh3 Rh8 44. Qc3 Qf6 45. Kf2 Qf4 46. Qe3 Qf6 47. Be2 Nf5 48.
exf5 Rxh3 1/2-1/2

[Event "Stare Mesto OPEN"]
[Site "?"]
[Date "2004.08.16"]
[Round "5.9"]
[White "Rat, dan Ovidiu"]
[Black "Mojzis, Jaroslav"]
[Result "1/2-1/2"]
[WhiteElo "2306"]
[BlackElo "2217"]
[PlyCount "102"]
[EventDate "2004.??.??"]
[SourceDate "2004.08.16"]

1. d4 Nf6 2. c4 e6 3. Nf3 b6 4. g3 Ba6 5. Nbd2 c5 6. e4 cxd4 7. e5 Ng8 8. Bg2
Bb7 9. O-O Qc7 10. Qe2 Nc6 11. Rd1 Nge7 12. Nb3 Ng6 13. Bf4 Nxf4 14. gxf4 Be7
15. Rac1 O-O 16. Nbxd4 Nxd4 17. Nxd4 Bxg2 18. Kxg2 f6 19. Nb5 Qc6+ 20. f3 fxe5
21. fxe5 Rf4 22. Nd6 Raf8 23. Rc3 Bxd6 24. Rxd6 Qc8 25. Rd1 Qe8 26. b3 Qg6+ 27.
Kh1 Qf7 28. Kg2 h6 29. Rcd3 Qg6+ 30. Kh1 Qf5 31. Kg2 h5 32. Re3 h4 33. Qd3 h3+
34. Kf2 Qh5 35. Rg1 Rg4 36. Qf1 Rxg1 37. Kxg1 Rf5 38. f4 Qg4+ 39. Rg3 Qxf4 40.
Qxf4 Rxf4 41. Rxh3 Kf7 42. Rd3 Ke7 43. Rg3 Kf7 44. Rd3 Ke7 45. Rg3 Rf5 46.
Rxg7+ Kd8 47. Rg2 Rxe5 48. h4 Rh5 49. Rh2 Ke7 50. Kf2 Kf6 51. Kg3 Rh7 1/2-1/2

[Event "Stare Mesto OPEN"]
[Site "?"]
[Date "2004.08.16"]
[Round "5.10"]
[White "Savage, Ben D"]
[Black "Maryasin, Boris"]
[Result "1-0"]
[WhiteElo "2204"]
[BlackElo "2394"]
[PlyCount "111"]
[EventDate "2004.??.??"]
[SourceDate "2004.08.16"]

1. d4 d5 2. Nf3 Nf6 3. c4 dxc4 4. e3 b5 5. a4 b4 6. Bxc4 e6 7. O-O Nbd7 8. Qe2
Bb7 9. Nbd2 Be7 10. Rd1 O-O 11. Nb3 c5 12. dxc5 Qc7 13. Bd2 Nxc5 14. Bxb4 Nxb3
15. Bxe7 Nxa1 16. Bxf8 Rxf8 17. Rxa1 Ng4 18. e4 Qf4 19. Re1 Rd8 20. Ba6 Ba8 21.
Bd3 h6 22. h3 Nf6 23. Bb1 Rb8 24. Qc4 g5 25. b4 h5 26. Qd4 g4 27. hxg4 hxg4 28.
g3 Qh6 29. Nh4 Kg7 30. e5 Nd5 31. b5 Rc8 32. Be4 Qg5 33. Bg2 Kf8 34. Qxa7 Qd2
35. Rf1 Kg7 36. b6 Qb4 37. a5 Bc6 38. Qa6 Ra8 39. Qd3 Qxa5 40. Qd4 Qb5 41.
Qxg4+ Kf8 42. Nf3 Qxb6 43. Ng5 Qb4 44. Qh5 Ra7 45. Qh8+ Ke7 46. Qg7 Kd7 47.
Qxf7+ Qe7 48. Qg6 Ra5 49. Rd1 Ba4 50. Rd2 Bb3 51. Bh3 Ra6 52. Rb2 Bc4 53. Rd2
Rb6 54. Nxe6 Rxe6 55. Qg4 Bb3 56. Qf3 1-0

[Event "Stare Mesto OPEN"]
[Site "?"]
[Date "2004.08.16"]
[Round "5.11"]
[White "Stehlik, Jiri"]
[Black "Sosna, Jan"]
[Result "0-1"]
[WhiteElo "2151"]
[BlackElo "2422"]
[PlyCount "62"]
[EventDate "2004.??.??"]
[SourceDate "2004.08.16"]

1. d4 d5 2. Nf3 c6 3. c4 e6 4. Qb3 Nf6 5. g3 Bd6 6. Bg2 Nbd7 7. O-O O-O 8. Nc3
dxc4 9. Qxc4 e5 10. Bg5 exd4 11. Qxd4 Bc5 12. Qd3 h6 13. Bf4 Nb6 14. Qc2 Qe7
15. Rad1 Nbd5 16. Bd2 Re8 17. e3 Bg4 18. Rc1 Nb4 19. Qb1 Rad8 20. Nd4 Bh5 21.
Nb3 Nd3 22. Rc2 Nb4 23. Rcc1 Bg6 24. e4 Nd3 25. Rc2 Bb6 26. a3 Nxe4 27. Nxe4
Bxe4 28. Bxe4 Qxe4 29. Bc3 Re6 30. Rd2 Rd5 31. Qd1 Nf4 0-1

[Event "Stare Mesto OPEN"]
[Site "?"]
[Date "2004.08.16"]
[Round "5.12"]
[White "Hausner, Ivan"]
[Black "Bugalski, Michal"]
[Result "0-1"]
[WhiteElo "2419"]
[BlackElo "2216"]
[PlyCount "114"]
[EventDate "2004.??.??"]
[SourceDate "2004.08.16"]

1. e4 e6 2. d4 d5 3. Nd2 c5 4. Ngf3 Nf6 5. e5 Nfd7 6. c3 Nc6 7. Bd3 cxd4 8.
cxd4 f6 9. exf6 Nxf6 10. O-O Bd6 11. Re1 O-O 12. Nf1 Qb6 13. b3 Kh8 14. Bb2 a5
15. Re2 Bd7 16. Rc1 a4 17. Ne5 Nxd4 18. Bxd4 Qxd4 19. Nxd7 Nxd7 20. Bb5 Qxd1
21. Rxd1 Nc5 22. bxa4 Kg8 23. Nd2 Rfd8 24. Nb1 Kf7 25. Nc3 Be7 26. f3 Rdc8 27.
Nb1 Rc7 28. Rc1 Bd6 29. Nd2 Nxa4 30. Rxc7+ Bxc7 31. Nb1 Ra5 32. Bd3 Nc5 33. Bc2
Kf6 34. a3 g6 35. g3 Bd6 36. Kf1 Nd7 37. Re3 b6 38. Ke2 Bc5 39. Rb3 Ne5 40. h4
Nc6 41. Kd1 Nd4 42. Rd3 e5 43. g4 Ke6 44. h5 gxh5 45. gxh5 Ra8 46. Rc3 Nxc2 47.
Kxc2 Kf5 48. Rd3 Ke6 49. Kb2 Ra4 50. Nc3 Rd4 51. Rd1 Rxd1 52. Nxd1 Bd4+ 53. Kc2
Kf5 54. Kd3 Kf4 55. Ke2 h6 56. a4 e4 57. fxe4 dxe4 0-1

[Event "Stare Mesto OPEN"]
[Site "?"]
[Date "2004.08.16"]
[Round "5.13"]
[White "Holusova, Tana"]
[Black "Zpevak, Pavel"]
[Result "0-1"]
[WhiteElo "2153"]
[BlackElo "2355"]
[PlyCount "91"]
[EventDate "2004.??.??"]
[SourceDate "2004.08.16"]

1. e4 c5 2. Nf3 e6 3. d4 cxd4 4. Nxd4 a6 5. Bd3 Nc6 6. Nb3 Nf6 7. O-O Be7 8.
Kh1 d5 9. Nc3 O-O 10. Qe2 d4 11. Nd1 e5 12. c3 Be6 13. f3 b5 14. Nf2 Nd7 15. f4
dxc3 16. bxc3 exf4 17. Bxf4 Nde5 18. Rfd1 Qc8 19. Nd4 Bf6 20. Rac1 Re8 21. Bb1
Bc4 22. Qe3 g6 23. Qg3 Kh8 24. Bg5 Bg7 25. Qh4 Kg8 26. Re1 Be6 27. Bf6 Bxf6 28.
Qxf6 Qd8 29. Qf4 Bd7 30. Rcd1 Qe7 31. Rd2 Rac8 32. Nd1 Nc4 33. Rf2 N6e5 34.
Ref1 Kh8 35. Qg3 Rf8 36. Rf4 Nd2 37. Bc2 Nxf1 38. Rxf1 f6 39. Qe1 Qc5 40. Bb3
b4 41. Ne6 Bxe6 42. Bxe6 Rb8 43. cxb4 Rxb4 44. Nc3 Qd4 45. a3 Rb2 46. Qd1 0-1

[Event "Stare Mesto OPEN"]
[Site "?"]
[Date "2004.08.16"]
[Round "5.14"]
[White "Mudrak, Josef"]
[Black "Karhanek, Pavel"]
[Result "1-0"]
[WhiteElo "2353"]
[BlackElo "2211"]
[PlyCount "79"]
[EventDate "2004.??.??"]
[SourceDate "2004.08.16"]

1. e4 Nf6 2. e5 Nd5 3. d4 d6 4. Nf3 Nc6 5. Be2 dxe5 6. dxe5 Bg4 7. h3 Bxf3 8.
Bxf3 e6 9. O-O Bc5 10. c4 Ndb4 11. Qa4 O-O 12. Nc3 Nxe5 13. Be2 Nbd3 14. Ne4
Nxc1 15. Raxc1 Bd4 16. Rcd1 Nc6 17. b4 e5 18. b5 Ne7 19. Nc5 Qc8 20. Nb3 a6 21.
Nxd4 exd4 22. Rxd4 axb5 23. Qxb5 Rxa2 24. Bg4 Qb8 25. Rd7 Nc6 26. Qd5 Nb4 27.
Qf3 Ra6 28. Rb1 Rf6 29. Qg3 c5 30. Qe3 b6 31. g3 Nc2 32. Qe4 Nd4 33. Qd5 g6 34.
Re1 h5 35. Bd1 Re6 36. Rxe6 Nxe6 37. Bc2 Qe8 38. Rb7 Nd4 39. Bxg6 Qe1+ 40. Kg2
1-0

[Event "Stare Mesto OPEN"]
[Site "?"]
[Date "2004.08.16"]
[Round "5.15"]
[White "Kotan, Ladislav"]
[Black "Vavruska, Antonin"]
[Result "1/2-1/2"]
[WhiteElo "2325"]
[BlackElo "2169"]
[PlyCount "130"]
[EventDate "2004.??.??"]
[SourceDate "2004.08.16"]

1. e4 e6 2. d3 d5 3. Nd2 e5 4. Ngf3 Nc6 5. c3 Nf6 6. Be2 a5 7. O-O Bc5 8. d4
exd4 9. e5 Ne4 10. cxd4 Be7 11. Bb5 Bd7 12. Qb3 Nb4 13. Bxd7+ Qxd7 14. a3 a4
15. Qd1 Nc6 16. Re1 Nxd2 17. Bxd2 O-O 18. Rc1 Ra6 19. Qc2 Qg4 20. Qd3 Rb6 21.
h3 Qg6 22. Qxg6 hxg6 23. Rc2 Rc8 24. Rec1 Rb3 25. Be3 Bd8 26. Nd2 Rd3 27. Rxc6
bxc6 28. Rxc6 Rb8 29. Rc2 c6 30. Kf1 Bb6 31. Ke2 Rxd4 32. Rxc6 Ba7 33. Ra6 Bc5
34. Ra5 Bb4 35. axb4 Rdxb4 36. Kd3 Rc8 37. Bd4 Rc1 38. Rxd5 Rg1 39. g3 g5 40.
Bc3 Rb8 41. Rd4 Ra8 42. Bb4 Rh1 43. Bd6 Rxh3 44. Ne4 Rh1 45. Nc3 Ra1 46. Ba3
Ra5 47. Bd6 Kh7 48. Rg4 Ra6 49. Ba3 Kh6 50. Nxa4 Rd1+ 51. Ke2 Rd5 52. Re4 Re6
53. f4 gxf4 54. gxf4 Kg6 55. Nc5 Kf5 56. Re3 Rh6 57. Rf3 Rh2+ 58. Rf2 Rxf2+ 59.
Kxf2 Kxf4 60. e6 fxe6 61. Nxe6+ Ke4 62. Nxg7 Kd3 63. Ne6 Kc2 64. Nf4 Rb5 65.
Ne2 Rxb2 1/2-1/2

[Event "Stare Mesto OPEN"]
[Site "?"]
[Date "2004.08.16"]
[Round "5.16"]
[White "Symbor, Przemyslaw"]
[Black "Vass, Frantisek"]
[Result "1/2-1/2"]
[WhiteElo "2243"]
[BlackElo "2156"]
[PlyCount "52"]
[EventDate "2004.??.??"]
[SourceDate "2004.08.16"]

1. c4 c6 2. Nf3 Nf6 3. d4 d5 4. Qc2 e6 5. g3 Bd6 6. Bg2 Nbd7 7. O-O O-O 8. Bf4
Qe7 9. Bxd6 Qxd6 10. Rd1 dxc4 11. e4 Qb4 12. e5 Nd5 13. Ng5 g6 14. Nd2 c3 15.
bxc3 Qxc3 16. Qe4 Kg7 17. Qh4 h6 18. Ngf3 Qb4 19. g4 Rh8 20. Qg3 Nc3 21. Re1 c5
22. a3 Qa4 23. dxc5 Nxc5 24. Rac1 Nd3 25. Rxc3 Nxe1 26. Nxe1 Rd8 1/2-1/2

[Event "Stare Mesto OPEN"]
[Site "?"]
[Date "2004.08.16"]
[Round "5.17"]
[White "Havranek, Miroslav"]
[Black "Camus, Berenger"]
[Result "1-0"]
[WhiteElo "2238"]
[BlackElo "2092"]
[PlyCount "49"]
[EventDate "2004.??.??"]
[SourceDate "2004.08.16"]

1. e4 c5 2. c4 Nc6 3. Nc3 e6 4. g3 Nf6 5. Bg2 d5 6. exd5 exd5 7. cxd5 Nb4 8. d3
Nfxd5 9. Nxd5 Nxd5 10. Qa4+ Bd7 11. Qe4+ Be6 12. Ne2 Be7 13. Nf4 Nxf4 14. Bxf4
O-O 15. O-O Bd6 16. Be3 Qd7 17. d4 Bf5 18. Qxb7 Qxb7 19. Bxb7 Rab8 20. Bf3 c4
21. Be2 Rfc8 22. Rfc1 Rxb2 23. Bxc4 Ba3 24. Bb3 Rxc1+ 25. Bxc1 1-0

[Event "Stare Mesto OPEN"]
[Site "?"]
[Date "2004.08.16"]
[Round "5.18"]
[White "Lasinskas, Povilas"]
[Black "Borovicka, Bohumil"]
[Result "0-1"]
[WhiteElo "2234"]
[BlackElo "2073"]
[PlyCount "128"]
[EventDate "2004.??.??"]
[SourceDate "2004.08.16"]

1. e4 e6 2. d4 d5 3. e5 c5 4. Nf3 Nc6 5. Bd3 Nge7 6. Nc3 Ng6 7. Bxg6 fxg6 8.
Ne2 cxd4 9. h4 Bc5 10. h5 gxh5 11. Rxh5 g6 12. Rh3 Qc7 13. Bf4 Bd7 14. a3 O-O-O
15. b4 Be7 16. Nexd4 Nxd4 17. Nxd4 Kb8 18. Qd2 Rc8 19. a4 g5 20. Bh2 h5 21. Rb3
Qc4 22. Bg1 g4 23. Rab1 h4 24. b5 Bc5 25. Ne2 g3 26. fxg3 Bxg1 27. Nxg1 hxg3
28. Nh3 Qxa4 29. Rb4 Qxc2 30. R1b2 Qc1+ 31. Qxc1 Rxc1+ 32. Kd2 Rf1 33. Rg4 Rf5
34. Rg7 Rd8 35. Rg5 Rdf8 36. Rb3 Rxg5 37. Nxg5 Rf2+ 38. Ke3 Kc7 39. Nh7 Rxg2
40. Nf6 Rf2 41. Rb1 Kd8 42. b6 axb6 43. Rxb6 Bc6 44. Rb4 Rf5 45. Rg4 Rxe5+ 46.
Kd4 Rf5 47. Nh7 Kc7 48. Rxg3 Rf4+ 49. Kd3 e5 50. Ng5 Ra4 51. Ne6+ Kd6 52. Rg6
e4+ 53. Ke3 Ke5 54. Nc5 Ra3+ 55. Kd2 d4 56. Rg5+ Kf6 57. Rh5 Ra2+ 58. Ke1 e3
59. Nd3 Bf3 60. Rc5 Ra1+ 61. Rc1 Rxc1+ 62. Nxc1 Be4 63. Na2 Ke5 64. Nb4 d3 0-1

[Event "Stare Mesto OPEN"]
[Site "?"]
[Date "2004.08.16"]
[Round "5.20"]
[White "Orgon, Dusan"]
[Black "Kantorik, Marian"]
[Result "0-1"]
[WhiteElo "2143"]
[BlackElo "2331"]
[PlyCount "80"]
[EventDate "2004.??.??"]
[SourceDate "2004.08.16"]

1. f4 d5 2. b3 Nf6 3. Bb2 c5 4. e3 Nc6 5. Bb5 Qb6 6. Bxc6+ Qxc6 7. Nf3 b6 8.
O-O Bb7 9. d3 e6 10. Nbd2 Bd6 11. Ne5 Qc7 12. Ndf3 h6 13. a4 a6 14. Qe2 O-O-O
15. c4 a5 16. Rac1 Kb8 17. Nd2 Qe7 18. Nb1 Rhg8 19. Na3 Ne8 20. Nb5 f6 21. Ng6
Qf7 22. Qg4 Qd7 23. Rf2 Nc7 24. Nxd6 Qxd6 25. d4 Ka8 26. Ba3 Na6 27. Rfc2 Rc8
28. Qe2 Rc7 29. h3 Rgc8 30. Qd2 dxc4 31. Rxc4 Qd5 32. Nh4 g5 33. Nf3 gxf4 34.
e4 Qd6 35. dxc5 Qxd2 36. Nxd2 bxc5 37. e5 fxe5 38. Bb2 Rg8 39. Ne4 Bd5 40. Nf6
Rxg2+ 0-1

[Event "Stare Mesto OPEN"]
[Site "?"]
[Date "2004.08.16"]
[Round "5.21"]
[White "Kocur, Walter"]
[Black "Rachela, Milan"]
[Result "0-1"]
[WhiteElo "2118"]
[BlackElo "2308"]
[PlyCount "58"]
[EventDate "2004.??.??"]
[SourceDate "2004.08.16"]

1. c4 Nf6 2. Nc3 c5 3. g3 d5 4. cxd5 Nxd5 5. Bg2 Nc7 6. Nf3 Nc6 7. O-O e5 8. d3
Be7 9. Be3 O-O 10. Rc1 Be6 11. Na4 b6 12. a3 Na5 13. Qe1 Nb3 14. Nxe5 Nxc1 15.
Nc6 Qd7 16. Nxe7+ Qxe7 17. Bxa8 Nxd3 18. exd3 Rxa8 19. Bc1 Qf6 20. Qc3 Qf5 21.
d4 Nb5 22. Qe3 Nxd4 23. f4 Bd7 24. Nc3 Re8 25. Qf2 Bc6 26. Rd1 Qh3 27. Rd3 Nf3+
28. Rxf3 Bxf3 29. Qxf3 Re1+ 0-1

[Event "Stare Mesto OPEN"]
[Site "?"]
[Date "2004.08.16"]
[Round "5.22"]
[White "Hujo, Jozef"]
[Black "Vrana, Frantisek"]
[Result "0-1"]
[WhiteElo "2061"]
[BlackElo "2275"]
[PlyCount "64"]
[EventDate "2004.??.??"]
[SourceDate "2004.08.16"]

1. c4 Nf6 2. Nc3 g6 3. g3 Bg7 4. Bg2 O-O 5. Nf3 d6 6. O-O Nc6 7. d3 e5 8. Rb1
a5 9. a3 Nh5 10. b4 axb4 11. axb4 f5 12. b5 Ne7 13. Qb3 Kh8 14. Bg5 h6 15. Bxe7
Qxe7 16. Nd5 Qf7 17. b6 c6 18. Nc7 Rb8 19. Qa3 Qe7 20. Nd2 Nf6 21. e3 h5 22. d4
e4 23. h3 h4 24. Kh2 Nh5 25. Qa5 Bh6 26. g4 Nf6 27. gxf5 gxf5 28. Rg1 f4 29.
Rbe1 f3 30. Bf1 Bd7 31. Qa7 Rg8 32. Rxg8+ Rxg8 0-1

[Event "Stare Mesto OPEN"]
[Site "?"]
[Date "2004.08.16"]
[Round "5.23"]
[White "Grecescu, Gabriel-Andrei"]
[Black "Tejkal, Jiri"]
[Result "1-0"]
[WhiteElo "2264"]
[BlackElo "2048"]
[PlyCount "53"]
[EventDate "2004.??.??"]
[SourceDate "2004.08.16"]

1. e4 c5 2. Nf3 Nc6 3. Bb5 g6 4. O-O Bg7 5. Re1 e5 6. Bxc6 dxc6 7. h3 Ne7 8. d3
O-O 9. Nc3 f6 10. Be3 b6 11. Nd2 g5 12. a3 Be6 13. b4 Qd7 14. bxc5 b5 15. Nf1
g4 16. hxg4 Bxg4 17. Qd2 f5 18. exf5 Nxf5 19. Ne4 Nd4 20. Bxd4 exd4 21. Nfg3
Kh8 22. Nd6 Rf6 23. Re4 Bh6 24. Qb4 Raf8 25. Rae1 Be6 26. Qxd4 Kg8 27. Rxe6 1-0

[Event "Stare Mesto OPEN"]
[Site "?"]
[Date "2004.08.16"]
[Round "5.24"]
[White "Ponizil, Cyril"]
[Black "Neumeier, Lars"]
[Result "0-1"]
[WhiteElo "2111"]
[BlackElo "2254"]
[PlyCount "60"]
[EventDate "2004.??.??"]
[SourceDate "2004.08.16"]

1. e4 c5 2. Nf3 a6 3. d4 cxd4 4. Nxd4 Nf6 5. Nc3 e5 6. Nb3 Bb4 7. Bg5 Qc7 8.
Qf3 d6 9. Bxf6 gxf6 10. O-O-O Bxc3 11. Qxf6 Rg8 12. bxc3 Be6 13. g4 Nd7 14. Qh4
Rxg4 15. Qxh7 Qxc3 16. Qh8+ Nf8 17. Rxd6 Bxb3 18. axb3 Qa1+ 19. Kd2 Qa5+ 20. c3
Rf4 21. Rd5 Qa2+ 22. Ke3 Qxf2+ 23. Kd3 f6 24. Be2 Qg2 25. Rxe5+ Kd7 26. Rd1 Kc6
27. Bh5 Rd8+ 28. Kc4 Rxe4+ 29. Rxe4 Qxe4+ 30. Rd4 b5+ 0-1

[Event "Stare Mesto OPEN"]
[Site "?"]
[Date "2004.08.16"]
[Round "5.25"]
[White "Partys, Petr"]
[Black "Knotek, Josef"]
[Result "0-1"]
[WhiteElo "1996"]
[BlackElo "2239"]
[PlyCount "22"]
[EventDate "2004.??.??"]
[SourceDate "2004.08.16"]

1. e4 d6 2. d4 Nf6 3. Nc3 g6 4. f4 Bg7 5. Nf3 O-O 6. Bd3 Nc6 7. O-O e5 8. dxe5
dxe5 9. f5 Nb4 10. fxg6 hxg6 11. Nxe5 Qd4+ 0-1

[Event "Stare Mesto OPEN"]
[Site "?"]
[Date "2004.08.16"]
[Round "5.28"]
[White "Rubal, Adam"]
[Black "Kociscak, Jiri"]
[Result "1-0"]
[WhiteElo "2227"]
[BlackElo "1977"]
[PlyCount "45"]
[EventDate "2004.??.??"]
[SourceDate "2004.08.16"]

1. Nf3 c5 2. d4 cxd4 3. Nxd4 d5 4. g3 e5 5. Nf3 Nc6 6. Bg2 f6 7. O-O Be6 8. c4
Nge7 9. Qa4 dxc4 10. Nc3 Qa5 11. Qxa5 Nxa5 12. Nb5 Kf7 13. Nc7 Rd8 14. Nxe6
Kxe6 15. Be3 Nac6 16. Nd2 b5 17. a4 a6 18. axb5 axb5 19. Ra6 Kd7 20. Ne4 Kc7
21. Bb6+ Kb7 22. Nc5+ Kb8 23. Rfa1 1-0

[Event "Stare Mesto OPEN"]
[Site "?"]
[Date "2004.08.17"]
[Round "6.1"]
[White "Plachetka, Jan"]
[Black "Savage, Ben D"]
[Result "1/2-1/2"]
[WhiteElo "2435"]
[BlackElo "2204"]
[PlyCount "47"]
[EventDate "2004.??.??"]

1. d4 d5 2. c4 dxc4 3. e3 Nf6 4. Bxc4 e6 5. Nf3 c5 6. O-O a6 7. a4 Nc6 8. Qe2
cxd4 9. Rd1 Be7 10. exd4 O-O 11. Nc3 Nd5 12. Bd3 Ncb4 13. Bb1 b6 14. Ne5 Bb7
15. Ra3 Rc8 16. Nxd5 Qxd5 17. Rg3 f5 18. b3 Bf6 19. Nc4 Qc6 20. Ba3 a5 21. Ne5
Qd5 22. Nc4 Qc6 23. Ne5 Qd5 24. Nc4 1/2-1/2

[Event "Stare Mesto OPEN"]
[Site "?"]
[Date "2004.08.16"]
[Round "6.2"]
[White "Vesselovsky, Serguei"]
[Black "Bazant, Petr jr"]
[Result "1/2-1/2"]
[WhiteElo "2383"]
[BlackElo "2384"]
[PlyCount "85"]
[EventDate "2004.??.??"]

1. Nf3 d5 2. g3 c6 3. Bg2 Nf6 4. b3 Bf5 5. Bb2 e6 6. O-O Be7 7. d3 O-O 8. e3
Nbd7 9. Qe2 Qc7 10. Nbd2 Nc5 11. Ne5 Nfd7 12. e4 dxe4 13. dxe4 Nxe5 14. exf5
Bf6 15. Nc4 Nxc4 16. Bxf6 gxf6 17. Qxc4 Qe7 18. fxe6 Nxe6 19. Rfe1 Qc5 20. Qxc5
Nxc5 21. Rad1 Rfd8 22. f4 Kf8 23. Kf2 a5 24. a3 Rxd1 25. Rxd1 Ke7 26. Re1+ Kd6
27. Bh3 Ne6 28. Rd1+ Ke7 29. Re1 Kd6 30. Bf5 h6 31. Rd1+ Ke7 32. Ke3 Rd8 33.
Rxd8 Kxd8 34. c3 Ke7 35. b4 axb4 36. axb4 b5 37. Bxe6 fxe6 38. g4 f5 39. h3 Kd7
40. Kd3 Ke7 41. Ke3 Kd7 42. Kf3 Ke7 43. Ke3 1/2-1/2

[Event "Stare Mesto OPEN"]
[Site "?"]
[Date "2004.08.17"]
[Round "6.5"]
[White "Sosna, Jan"]
[Black "Vyskocil, Neklan"]
[Result "1/2-1/2"]
[WhiteElo "2422"]
[BlackElo "2305"]
[PlyCount "67"]
[EventDate "2004.??.??"]

1. d4 Nf6 2. Nf3 g6 3. Bg5 Bg7 4. Nbd2 O-O 5. c3 d6 6. e4 c5 7. dxc5 dxc5 8.
Be2 Nc6 9. O-O Qc7 10. Qc2 h6 11. Bh4 Nh5 12. Rfe1 Be6 13. Bc4 Bxc4 14. Nxc4
Ne5 15. Nfxe5 Bxe5 16. Bg3 Nxg3 17. hxg3 Rad8 18. a4 Bg7 19. Qb3 Rd3 20. Qb5
Rfd8 21. a5 h5 22. Ne3 Rd2 23. Nd5 Qd7 24. Qxd7 Rxd7 25. Red1 Rxd1+ 26. Rxd1
Kf8 27. Kf1 e6 28. Ne3 Rxd1+ 29. Nxd1 Ke7 30. Ke2 Kd7 31. Kd3 Kc6 32. Kc4 b5+
33. axb6 axb6 34. Kd3 1/2-1/2

[Event "Stare Mesto OPEN"]
[Site "?"]
[Date "2004.08.17"]
[Round "6.6"]
[White "Mojzis, Jaroslav"]
[Black "Kireev, Alexei"]
[Result "1/2-1/2"]
[WhiteElo "2217"]
[BlackElo "2358"]
[PlyCount "79"]
[EventDate "2004.??.??"]

1. Nf3 g6 2. g3 Bg7 3. d4 d6 4. Bg2 e5 5. dxe5 dxe5 6. Qxd8+ Kxd8 7. Nc3 f6 8.
Be3 Nd7 9. O-O-O c6 10. Ne4 Ke7 11. Nd6 Bh6 12. Bxh6 Nxh6 13. Bh3 f5 14. e4 Ng4
15. exf5 Nxf2 16. Nxc8+ Raxc8 17. f6+ Nxf6 18. Bxc8 Rxc8 19. Nxe5 Nxh1 20. Rxh1
Kd6 21. Nd3 Re8 22. Rf1 Ng4 23. h3 Ne3 24. Rf6+ Ke7 25. Rf4 Nf5 26. Re4+ Kf7
27. Rxe8 Kxe8 28. g4 Nd6 29. Kd2 Ke7 30. Ke3 Kf6 31. Kf4 g5+ 32. Ke3 Ke6 33. b3
b6 34. c4 c5 35. Nf2 a6 36. Nd1 Ne8 37. Nc3 Nf6 38. Na4 Nd7 39. Nc3 Nf6 40. Na4
1/2-1/2

[Event "Stare Mesto OPEN"]
[Site "?"]
[Date "2004.08.17"]
[Round "6.7"]
[White "Zpevak, Pavel"]
[Black "Havranek, Miroslav"]
[Result "1-0"]
[WhiteElo "2355"]
[BlackElo "2238"]
[PlyCount "83"]
[EventDate "2004.??.??"]

1. Nf3 Nf6 2. g3 c5 3. Bg2 Nc6 4. O-O g6 5. c4 Bg7 6. d4 cxd4 7. Nxd4 O-O 8.
Nc3 Nxd4 9. Qxd4 d6 10. Qd3 Nd7 11. b3 Rb8 12. Be3 Nc5 13. Qd2 Re8 14. b4 Na6
15. Rab1 b6 16. Rfd1 Bb7 17. Nd5 Nc7 18. Rbc1 Nxd5 19. Bxd5 Bxd5 20. cxd5 Qd7
21. Rc6 e6 22. b5 Bf8 23. a4 Rb7 24. Rdc1 h5 25. h4 exd5 26. Qxd5 Re5 27. Qf3
Rf5 28. Qg2 Re5 29. Rc8 Rc5 30. Bxc5 Qxc8 31. Be3 Qd7 32. Qd5 Rc7 33. Rxc7 Qxc7
34. Qa8 Kg7 35. Bd4+ Kg8 36. a5 d5 37. axb6 axb6 38. Qxd5 Bd6 39. Qa8+ Bf8 40.
Qc6 Qe7 41. Qxb6 Qxe2 42. Qf6 1-0

[Event "Stare Mesto OPEN"]
[Site "?"]
[Date "2004.08.17"]
[Round "6.8"]
[White "Jurkiewicz, Krzystof"]
[Black "Mudrak, Josef"]
[Result "1-0"]
[WhiteElo "2290"]
[BlackElo "2353"]
[PlyCount "65"]
[EventDate "2004.??.??"]

1. c4 Nf6 2. Nc3 g6 3. g3 Bg7 4. Bg2 d6 5. e4 O-O 6. Nge2 e5 7. O-O Be6 8. b3
Qd7 9. f4 Bh3 10. f5 Bxg2 11. Kxg2 c6 12. d3 h6 13. h3 a6 14. g4 b5 15. Ng3 Nh7
16. Be3 Qe7 17. Qd2 Qh4 18. Nce2 Nd7 19. Ng1 bxc4 20. f6 Ndxf6 21. Nf3 Nxe4 22.
dxe4 Qe7 23. bxc4 Qe6 24. Rac1 g5 25. Nf5 Rfd8 26. h4 Nf6 27. hxg5 Nxe4 28. Qe2
h5 29. N3h4 hxg4 30. Nxg7 Kxg7 31. Nf5+ Kf8 32. Qxg4 d5 33. Rh1 1-0

[Event "Stare Mesto OPEN"]
[Site "?"]
[Date "2004.08.17"]
[Round "6.9"]
[White "Bugalski, Michal"]
[Black "Karlik, Vladimir"]
[Result "0-1"]
[WhiteElo "2216"]
[BlackElo "2348"]
[PlyCount "130"]
[EventDate "2004.??.??"]

1. e4 d6 2. d4 g6 3. g3 Bg7 4. Bg2 Nf6 5. Ne2 O-O 6. Nbc3 e5 7. h3 exd4 8. Nxd4
Bd7 9. O-O Nc6 10. Be3 Re8 11. Qd2 a6 12. Rfe1 Ne5 13. Qe2 b5 14. Rad1 b4 15.
f4 bxc3 16. b4 Nc6 17. Nxc6 Bxc6 18. e5 Bxg2 19. exf6 Qxf6 20. Qxg2 Qf5 21. Bc1
Qb5 22. a3 h5 23. Kh2 Rxe1 24. Rxe1 Re8 25. Qf2 Rxe1 26. Qxe1 Qc4 27. g4 hxg4
28. hxg4 Kf8 29. Kg3 Bd4 30. Kf3 f5 31. Kg3 Qd5 32. gxf5 gxf5 33. Qf1 Qg8+ 34.
Kh2 Qh7+ 35. Kg2 Qg8+ 36. Kh2 Qh7+ 37. Kg2 Qg6+ 38. Kh2 Qh5+ 39. Kg2 Qg4+ 40.
Kh2 Bb6 41. a4 Qh4+ 42. Kg2 Qg4+ 43. Kh2 Qh5+ 44. Kg3 Qg6+ 45. Kh2 Qh7+ 46. Kg2
Qg7+ 47. Kh3 Bg1 48. Qe2 Qh7+ 49. Kg2 Qh2+ 50. Kf1 Qh1 51. Qg2 Qxg2+ 52. Kxg2
Bd4 53. Kf3 Ke7 54. Ke2 Ke6 55. Kd3 Kd5 56. b5 axb5 57. axb5 Bf2 58. Ke2 Bg3
59. Kf3 Bh4 60. Ba3 Be7 61. Ke3 Kc4 62. Ke2 Kxb5 63. Kd3 Bf6 64. Bc1 c5 65. Be3
d5 0-1